<?xml version="1.0" encoding="UTF-8"?>
<record
    xmlns:xsi="http://www.w3.org/2001/XMLSchema-instance"
    xsi:schemaLocation="http://www.loc.gov/MARC21/slim http://www.loc.gov/standards/marcxml/schema/MARC21slim.xsd"
    xmlns="http://www.loc.gov/MARC21/slim">

  <leader>01035nam a2200277   4500</leader>
  <controlfield tag="003">OSt</controlfield>
  <controlfield tag="005">20260601193843.0</controlfield>
  <controlfield tag="008">260420b1973    sp a|||| |||| 00| 0 spa d</controlfield>
  <datafield tag="040" ind1=" " ind2=" ">
    <subfield code="a">ICI</subfield>
    <subfield code="b">spa</subfield>
    <subfield code="c">ICI</subfield>
  </datafield>
  <datafield tag="050" ind1=" " ind2=" ">
    <subfield code="a">TS171</subfield>
    <subfield code="b">D65 1977</subfield>
  </datafield>
  <datafield tag="100" ind1=" " ind2="1">
    <subfield code="a">Dorfles, Gillo,</subfield>
    <subfield code="d">1910-</subfield>
    <subfield code="9">31081</subfield>
  </datafield>
  <datafield tag="240" ind1=" " ind2="1">
    <subfield code="a">II Disegno industriale e la sua estetica</subfield>
    <subfield code="l">Espa&#xF1;ol</subfield>
  </datafield>
  <datafield tag="245" ind1=" " ind2="1">
    <subfield code="a">El dise&#xF1;o industrial y su est&#xE9;tica /</subfield>
    <subfield code="c">Gillo dorfles ; traducci&#xF3;n de j. m. Garc&#xED;a de la Mora ; pr&#xF3;logo de alexandre cirici</subfield>
  </datafield>
  <datafield tag="250" ind1=" " ind2=" ">
    <subfield code="a">segunda edici&#xF3;n</subfield>
  </datafield>
  <datafield tag="264" ind1=" " ind2=" ">
    <subfield code="b">Editorial Labor, </subfield>
    <subfield code="c">1973</subfield>
    <subfield code="a">Barcelona :</subfield>
  </datafield>
  <datafield tag="300" ind1=" " ind2=" ">
    <subfield code="a">147 p&#xE1;ginas</subfield>
  </datafield>
  <datafield tag="336" ind1=" " ind2=" ">
    <subfield code="a">texto</subfield>
    <subfield code="2">rdacontent</subfield>
  </datafield>
  <datafield tag="337" ind1=" " ind2=" ">
    <subfield code="a">sin medio</subfield>
    <subfield code="2">rdamedia</subfield>
  </datafield>
  <datafield tag="338" ind1=" " ind2=" ">
    <subfield code="a">volumen</subfield>
    <subfield code="2">rdacarrier</subfield>
  </datafield>
  <datafield tag="490" ind1=" " ind2="0">
    <subfield code="a">Nueva colecci&#xF3;n Labor. serie siena : arte</subfield>
  </datafield>
  <datafield tag="650" ind1=" " ind2=" ">
    <subfield code="a">Dise&#xF1;o industrial</subfield>
  </datafield>
  <datafield tag="700" ind1=" " ind2="1">
    <subfield code="a">Cirici, Alexandre, </subfield>
    <subfield code="d">1914-</subfield>
    <subfield code="e">prologuista</subfield>
    <subfield code="9">31082</subfield>
  </datafield>
  <datafield tag="700" ind1=" " ind2=" ">
    <subfield code="a">Garcia de la Mora, J. M., </subfield>
    <subfield code="e">traductor</subfield>
    <subfield code="9">31083</subfield>
  </datafield>
  <datafield tag="700" ind1=" " ind2="1">
    <subfield code="a">Dorfles, Gillo,</subfield>
    <subfield code="d">1910-</subfield>
    <subfield code="t">Disegno industriale e la sua estetica</subfield>
    <subfield code="i">Traducci&#xF3;n de:</subfield>
    <subfield code="9">31084</subfield>
  </datafield>
  <datafield tag="942" ind1=" " ind2=" ">
    <subfield code="2">lcc</subfield>
    <subfield code="c">B</subfield>
  </datafield>
  <datafield tag="999" ind1=" " ind2=" ">
    <subfield code="c">21535</subfield>
    <subfield code="d">21535</subfield>
  </datafield>
  <datafield tag="952" ind1=" " ind2=" ">
    <subfield code="0">0</subfield>
    <subfield code="1">0</subfield>
    <subfield code="2">lcc</subfield>
    <subfield code="4">0</subfield>
    <subfield code="7">0</subfield>
    <subfield code="a">BDIMFM</subfield>
    <subfield code="b">BDIMFM</subfield>
    <subfield code="d">2026-04-20</subfield>
    <subfield code="l">0</subfield>
    <subfield code="o">TS171 D65 1977</subfield>
    <subfield code="p">BDIMFM000810</subfield>
    <subfield code="r">2026-04-20 21:02:00</subfield>
    <subfield code="t">Ej. 1</subfield>
    <subfield code="w">2026-04-20</subfield>
    <subfield code="y">B</subfield>
  </datafield>
</record>
